Sociología del profesorado
-д хадгалсан:
| Үндсэн зохиолч: | |
|---|---|
| Формат: | Ном |
| Хэл сонгох: | испани |
| Хэвлэсэн: |
Barcelona
Ariel
1996
|
| Хэвлэл: | 1a. ed |
| Цуврал: | Ariel Educación
|
| Нөхцлүүд: | |
| Шошгууд: |
Шошго нэмэх
Шошго байхгүй, Энэхүү баримтыг шошголох эхний хүн болох!
|
MARC
| LEADER | 00000nam a2200000 a 4500 | ||
|---|---|---|---|
| 001 | UCK5685 | ||
| 003 | CL-VaPUC | ||
| 008 | 050819e19960000SP |||||||||||||||||spa|d | ||
| 020 | |a 8434426005 | ||
| 082 | 0 | 4 | |a 371.1 |b GIL |2 21 |
| 100 | |a Gil Villa, Fernando |e author |9 573991 | ||
| 245 | 1 | 0 | |a Sociología del profesorado |
| 250 | |a 1a. ed | ||
| 300 | |a 142 p | ||
| 942 | |c BK | ||
| 945 | |d 20050819 00:00:00 |a cmena | ||
| 260 | |a Barcelona |b Ariel |c 1996 | ||
| 650 | 7 | |a PROFESORADO |2 CL-VaPUC |9 494596 | |
| 650 | 0 | |a Formación profesional de profesores |9 307493 | |
| 650 | 0 | |a Rol del docente |9 329733 | |
| 650 | 0 | |a Reforma educacional |9 256319 | |
| 650 | 0 | |a Cambio social |9 256857 | |
| 650 | 0 | |a Innovaciones pedagógicas |9 307471 | |
| 583 | |a last modification |c 20050819 00:00:00 |k Rodrigo Vera | ||
| 490 | 0 | |a Ariel Educación | |
| 999 | |c 314180 |d 314178 | ||
| 952 | |0 0 |1 0 |4 0 |6 371_100000000000000_GIL_1996 |7 0 |8 A |9 386175 |a BIBEDU |b BIBEDU |d 2019-11-22 |i 4155904 |o 371.1 GIL 1996 |p 4155904 |r 2019-11-22 |w 2019-11-22 |y BK |k FIL | ||